| 000 | 01168cam a2200349 a 4500 | ||
|---|---|---|---|
| 001 | 4233980 | ||
| 005 | 20200421093819.0 | ||
| 008 | 040907r20052004enkb 000 1 eng | ||
| 015 |
_aGBA500408 _2bnb |
||
| 016 | 7 |
_a013073831 _2Uk |
|
| 020 | _a9780099459040 (pbk.) | ||
| 020 | _a0099459043 (pbk.) | ||
| 035 | _a(OCoLC)ocm60511814 | ||
| 035 | _a(OCoLC)60511814 | ||
| 040 |
_aUKM _cUKM _dYDXCP _dPL# _dOCLCQ _dOCLCG _dNLE |
||
| 041 | 1 |
_aeng _hswe |
|
| 042 | _aukblsr | ||
| 043 | _ae-sw--- | ||
| 049 | _aNLES | ||
| 082 | 0 | 4 |
_a839.7374 _222 |
| 100 | 1 |
_aMankell, Henning, _d1948- _9522 |
|
| 240 | 1 | 0 |
_aInnan frosten. _lEnglish |
| 245 | 1 | 0 |
_aBefore the frost / _cHenning Mankell ; translated from the Swedish by Ebba Segerberg. |
| 260 |
_aLondon : _bVintage, _c2005, c2004. |
||
| 300 |
_a470 p. : _b1 map ; _c18 cm. |
||
| 500 | _aOriginally published in Swedish as: Innan frosten. Stockholm : Leopard, 2002. | ||
| 500 | _aTranslation originally published: London : Harvill, 2004. | ||
| 650 | 0 |
_aWallander, Kurt (Fictitious character) _vFiction. _9523 |
|
| 650 | 0 |
_aPolice _zSweden _vFiction. _9377 |
|
| 655 | 0 |
_aDetective and mystery stories. _9376 |
|
| 942 |
_2ddc _cBK |
||
| 999 |
_c123 _d123 |
||